000 00871nam a2200205Ii 4500
003 JO-AjNU
008 230605s9999||||xx |||||||||||||| ||und||
040 _aJO-AjNU
_bara
_erda
_cJO-AjNU
041 _aara
050 1 4 _aKRM500.S26.2000
100 3 _aتأليف السنهوري، عبد الرزاق بن أحمد,
_eauthor
_911638
245 0 0 _a  الوسيط في شرح القانون المدني الجديد : فى التأمينات الشخصية والعينية
250 _aالطبعة الثالثة الجديدة
264 3 1 _aبيروت،لبنان: منشورات الحلبي الحقوقية، 2000
300 _aج10، 1058ص
336 _atext
_btxt
_2rdacontent
337 _aunmediated
_bn
_2rdamedia
338 _avolume
_bnc
_2rdacarrier
650 4 _a القانون المدني -- مصر -- قوانين وتشريعات -- مصر
_911639
999 _aA2428
_c5996
_d5996